000 00690nam a2200265Ia 4500
005 20260121170833.0
008 008 260114s9999 xx 000 0 eng d
020 _a9783030000271
037 _aEBOOK
040 _aCRL
040 _beng
040 _cCRL
041 _2eng
041 _aeng
084 _qCRL
100 _aMaria Alberich-Carramiñana, Carlos Galindo, Alex Küronya, Joaquim Roé
_91068778
245 0 _aExtended Abstracts February 2016
260 _bSpringer
260 _bSpringer
260 _c2018
856 _uhttps://link.springer.com/openurl?genre=book&isbn=978-3-030-00027-1
942 _cEBOOK
999 _c1634508
_d1634508